Sensors and Actuators A. Physical

Enregistré dans:
Détails bibliographiques
Format: Publication en série
Publié: 1997
Tags: Ajouter un tag
Pas de tags, Soyez le premier à ajouter un tag!

MARC

LEADER 00000nas a22000003a 4500
001 stu69697
005 20141121234727.7
008 011106s1997----------------------------d
040 |a STU  |b slo 
041 0
245 |a Sensors and Actuators A. Physical 
260 |c 1997 
500 |a 18 
500 |a 1-3 
773 0 |t Sensors and Actuators A. Physical  |w stu_us_cat*stu60278  |x 0924-4247  |7 nnas 
996 |d Vol. A59, 1997  |v Vol. A59  |y 1997  |l EE0103  |s A  |a 24  |w stu69697_0001